Welcome to WEB OPAC of MRSPTU Central Library

Engineering tribology (Record no. 5098)

MARC details
000 -LEADER
fixed length control field 00422nam a2200169Ia 4500
008 - FIXED-LENGTH DATA ELEMENTS--GENERAL INFORMATION
fixed length control field 230711s9999||||xx |||||||||||||| ||und||
020 ## - INTERNATIONAL STANDARD BOOK NUMBER
International Standard Book Number 978-81-203-2724-5
041 ## - LANGUAGE CODE
Language code of text/sound track or separate title ENG
082 ## - DEWEY DECIMAL CLASSIFICATION NUMBER
Classification number 621.89
Item number SA-E
100 ## - MAIN ENTRY--PERSONAL NAME
Personal name Sahoo.Prasanta
245 #0 - TITLE STATEMENT
Title Engineering tribology
250 ## - EDITION STATEMENT
Edition statement 1st Ed.
260 ## - PUBLICATION, DISTRIBUTION, ETC.
Date of publication, distribution, etc. 2011
Place of publication, distribution, etc. New Delhi
Name of publisher, distributor, etc. PHI Learning Private Limited
300 ## - PHYSICAL DESCRIPTION
Extent 322
650 ## - SUBJECT ADDED ENTRY--TOPICAL TERM
Topical term or geographic name entry element Mechanical Engineering
942 ## - ADDED ENTRY ELEMENTS (KOHA)
Koha item type Book
Holdings
Withdrawn status Lost status Damaged status Not for loan Collection Home library Current library Date acquired Total checkouts Full call number Barcode Date last seen Price effective from Koha item type
          MRSPTU Central Library MRSPTU Central Library     621.89 SA-E 19113 08/17/2023 08/17/2023 Book
          MRSPTU Central Library MRSPTU Central Library     621.89 SA-E 19114 08/17/2023 08/17/2023 Book
          MRSPTU Central Library MRSPTU Central Library     621.89 SA-E 19115 08/17/2023 08/17/2023 Book
          MRSPTU Central Library MRSPTU Central Library     621.89 SA-E 19116 08/17/2023 08/17/2023 Book
          MRSPTU Central Library MRSPTU Central Library     621.89 SA-E 19117 08/17/2023 08/17/2023 Book
          MRSPTU Central Library MRSPTU Central Library     621.89 SA-E 19118 08/17/2023 08/17/2023 Book
          MRSPTU Central Library MRSPTU Central Library     621.89 SA-E 19119 08/17/2023 08/17/2023 Book
          MRSPTU Central Library MRSPTU Central Library     621.89 SA-E 19120 08/17/2023 08/17/2023 Book
          MRSPTU Central Library MRSPTU Central Library     621.89 SA-E 19121 08/17/2023 08/17/2023 Book
          MRSPTU Central Library MRSPTU Central Library     621.89 SA-E 19122 08/17/2023 08/17/2023 Book

Website Designed and Developed by MRSPTU Central Library Team

E-mail Id: librarian@mrsptu.ac.in